| 000 | 00658nam a2200181 4500 | ||
|---|---|---|---|
| 001 | 144301 | ||
| 003 | ES-MaACL | ||
| 005 | 20230906201004.0 | ||
| 007 | t| | ||
| 008 | 070214s1972 sp r ||||1| spa d | ||
| 100 | 1 |
_aSingleton, Edward B. _9106640 |
|
| 245 | 1 | 0 |
_aAtlas radiológico de anomalías pulmonares en el niño / _cEdward B. Singleton, Milton L. Wagner ; [versión... Félix de Vega Goicoechea]. |
| 260 |
_aBarcelona : _bEd. Pediátrica, _c1972 ( _fSaturno) |
||
| 300 |
_aVIII, 250 p., 26 lám. : _bil. ; _c27 cm. |
||
| 700 | 1 |
_aWagner, Milton L. _9115848 |
|
| 700 | 1 |
_aVega Goicoechea, Félix de. _9113604 |
|
| 852 |
_aES-MaACL _jC-43002 _bR.82397 |
||
| 999 |
_c144301 _d144301 |
||